Statistiques concernant Numéro de département - Choix multiple

Cliquez ici pour prendre le quiz!

Statistiques générales

  • Ce quiz a été pris 84 fois
  • Le résultat moyen est 11 sur 15

Statistiques - réponses

QuestionRéponse% Correct
Ille-et-Vilaine35
97%
Gard30
86%
Haute Garonne31
86%
Mayenne53
86%
Pas-de-Calais62
82%
Saône et Loire71
75%
Corrèze19
74%
Loiret45
74%
Haute Savoie74
74%
Val de Marne94
74%
Eure27
69%
Moselle57
61%
Mayotte976
60%
Alpes de Haute Provence04
56%
Corse du Sud2a
49%

Distribution des résultats

Percentile par nombre de réponses

% des personnes avec chaque résultat

Votre développement - résultats

Vous n’avez pas pris ce quiz